[Event "21st World Seniors"]
[Site "Rijeka CRO"]
[Date "2011.11.19"]
[Round "5.22"]
[White "Jorgensen,J"]
[Black "Filipenko,A"]
[Result "1/2-1/2"]
[WhiteElo "2198"]
[BlackElo "2353"]

1.c4 c6 2.d4 d5 3.cxd5 cxd5 4.Nf3 Nf6 5.Nc3 Nc6 6.Bf4 e6 7.e3 Nh5 8.Bg5 Qb6
9.Qc2 h6 10.Bh4 g5 11.Bg3 Nxg3 12.hxg3 Bg7 13.a3 Qd8 14.Bd3 Bd7 15.Rc1 Rc8
16.Qe2 Kf8 17.Nd2 e5 18.dxe5 Nxe5 19.O-O Bg4 20.f3 d4 21.fxg4 Nxd3 22.Qxd3 dxc3
23.Qc2 Qb6 24.Rf3 Rc7 25.Qd3 Kg8 26.bxc3 h5 27.Qd8+ Kh7 28.Qxg5 hxg4 29.Qxg4 Re8
30.Ne4 Rce7 31.Qh5+ Kg8 32.Ng5 Qg6 33.Qxg6 fxg6  1/2-1/2

[Event "Caissa IM November 2011"]
[Site "Kecskemet HUN"]
[Date "2011.11.20"]
[Round "2.1"]
[White "Varga,Kl"]
[Black "Hajnal,Z"]
[Result "1/2-1/2"]
[WhiteElo "2127"]
[BlackElo "2425"]

1.c4 c6 2.g3 d5 3.Bg2 Nf6 4.Nf3 Bf5 5.O-O e6 6.b3 Be7 7.Bb2 O-O 8.d3 h6 9.Nbd2 a5
10.a3 Nbd7 11.Qc2 Bh7 12.Qc3 Qb6 13.h3 Rfc8 14.g4 Qd8 15.Rfc1 b5 16.d4 Qf8
17.c5 Ne4 18.Nxe4 dxe4 19.Ne5 Nb8 20.a4 f6 21.Nxc6 Nxc6 22.axb5 Nb4 23.b6 Rcb8
24.Qc4 Qc8 25.f3 Qc6 26.Bc3 Kf8 27.Bxb4 axb4 28.Qxb4 Rxa1 29.Rxa1 e5 30.Qa4 Qd5
31.b4 Qxd4+ 32.Kh1 exf3 33.exf3 Bg8 34.Rd1 Qc4 35.b7 Bd5 36.Qd7 Rxb7 37.Qxd5 Qxd5
38.Rxd5 Rxb4 39.c6 Rc4 40.f4 Rxc6 41.Rd8+ Bxd8 42.Bxc6 exf4 43.Kg2 g6 44.Kf3 Bc7
45.Bb5 h5 46.gxh5 g5 47.h6 Bd6 48.Bc4 f5 49.Be6  1/2-1/2

[Event "3rd Pilsen Open"]
[Site "Plzen CZE"]
[Date "2011.11.21"]
[Round "3"]
[White "Oussedik,Mahfoud"]
[Black "Fiala,R"]
[Result "1-0"]
[WhiteElo "2225"]
[BlackElo "2288"]

1.c4 c6 2.Nf3 d5 3.e3 Bf5 4.Nc3 e6 5.b3 Nf6 6.Bb2 h6 7.Be2 a6 8.O-O Nbd7
9.d4 Bd6 10.Bd3 O-O 11.Bxf5 exf5 12.Qd3 g6 13.cxd5 cxd5 14.Rac1 Qa5 15.Na4 Qb5
16.Qxb5 axb5 17.Nc3 Ra5 18.Ne5 Nb6 19.a3 Bxa3 20.Ra1 Rfa8 21.Rxa3 Rxa3 22.Bxa3 Rxa3
23.Nxb5 Rxb3 24.Nd6 Nc4 25.Ndxc4 dxc4 26.Nxc4 b5 27.Nb6 Rc3 28.d5 Rd3 29.Ra1 Nxd5
30.Nxd5 Rxd5 31.Kf1 Kf8 32.Ra8+ Ke7 33.Rb8 Kd6 34.Ke2 Kc6 35.Rc8+ Kb7 36.Rc1 b4
37.Rb1 Rb5 38.Kd3 Kc6 39.Kc4 Rc5+ 40.Kb3 Kb5 41.Rd1 Rc3+ 42.Kb2 Rc4 43.Kb3 f4
44.exf4 Rxf4 45.f3 h5 46.Rd3 Kc5 47.Rd8 h4 48.h3 Rd4 49.Rf8 Rd3+ 50.Kc2 Rd7
51.Rc8+ Kd4 52.Re8 Rd5 53.Re4+ Kc5 54.Rxh4 Rg5 55.Rg4 Re5 56.h4 Kb5 57.Re4 Rd5
58.Re7 f6 59.Re6 g5 60.h5 f5 61.h6 g4 62.f4 Ka4 63.Ra6+ Kb5 64.h7 b3+ 65.Kb2  1-0

[Event "TCh-ESP CECLUB Div Honor 2011"]
[Site "Melilla ESP"]
[Date "2011.11.22"]
[Round "2"]
[White "Ubilava,E"]
[Black "Rocha,S"]
[Result "1-0"]
[WhiteElo "2527"]
[BlackElo "2410"]

1.c4 c6 2.d4 d5 3.Nf3 Nf6 4.Nc3 e6 5.Bg5 h6 6.Bh4 Be7 7.e3 Ne4 8.Bxe7 Qxe7
9.Nxe4 dxe4 10.Nd2 f5 11.Qh5+ Qf7 12.Qxf7+ Kxf7 13.c5 Nd7 14.Nc4 Kf6 15.Nd6 Rb8
16.b4 e5 17.Bc4 exd4 18.exd4 Nf8 19.O-O-O Ne6 20.f3 exf3 21.gxf3 Nf4 22.Rhe1 Be6
23.Re5 g6 24.Bxe6 Nxe6 25.Rde1 Nf4 26.Kc2 b6 27.h4 bxc5 28.bxc5 g5 29.h5 Rhf8
30.Rxf5+ Kg7 31.Re7+ Kg8 32.Nf7 Nd5 33.Nxh6+ Kh8 34.Rxf8+ Rxf8 35.Rf7 Re8
36.Ng4 Re2+ 37.Kb3 Rd2 38.Ne5 Rxd4 39.h6 Nf4 40.Rg7  1-0

[Event "3rd Pilsen Open"]
[Site "Plzen CZE"]
[Date "2011.11.22"]
[Round "4"]
[White "Pokrupa,M"]
[Black "Piankov,E"]
[Result "0-1"]
[WhiteElo "2209"]
[BlackElo "2356"]

1.c4 c6 2.g3 d5 3.Bg2 g6 4.cxd5 cxd5 5.Qb3 e6 6.Nf3 Bg7 7.d3 Nc6 8.O-O Nge7
9.Nc3 O-O 10.a4 Nf5 11.Bg5 Qa5 12.Qb5 h6 13.Bd2 Qd8 14.Qb3 Nfd4 15.Nxd4 Nxd4
16.Qd1 Qb6 17.b4 Bd7 18.Rb1 Rac8 19.e3 Nf5 20.Ne2 a6 21.Qb3 Qc6 22.e4 Ne7
23.b5 Qc2 24.Bb4 Qxe2 25.Bxe7 Rfe8 26.Bd6 axb5 27.exd5 Rc3 28.dxe6 Rxb3 29.exd7 Rd8
30.Rxb3 Rxd7 31.axb5 Rxd6 32.Bxb7 Bd4 33.Rb4 Bxf2+  0-1

[Event "Egyptian Open 2011"]
[Site "Cairo EGY"]
[Date "2011.11.23"]
[Round "5"]
[White "Yousry,S"]
[Black "Sadek,S"]
[Result "1-0"]
[WhiteElo "2327"]
[BlackElo "2372"]

1.c4 c6 2.e4 d5 3.exd5 Nf6 4.Nc3 cxd5 5.d4 Nc6 6.Bg5 Qa5 7.Bxf6 exf6 8.cxd5 Bb4
9.Qd2 Ne7 10.Bc4 Nxd5 11.Bxd5 Bxc3 12.bxc3 Qxd5 13.Nf3 Bg4 14.O-O Bxf3 15.Rfe1+ Kd7
16.gxf3 Qxf3 17.Re3 Qd5 18.c4 Qg5+ 19.Kh1 Rae8 20.Qb4 Kc8 21.Rb1 b6 22.Rxe8+ Rxe8
23.Qa4 Re7 24.Qc6+ Rc7 25.Qa8+ Kd7 26.Re1 Rxc4 27.Qe8+ Kd6 28.Qd8+ Kc6 29.Qc8+ Kb5
30.Rb1+ Rb4 31.Qd7+ Ka5 32.Qxa7+ Kb5 33.a4+ Kc6 34.Qa8+ Kc7 35.Rxb4 Qc1+
36.Kg2 Qg5+ 37.Kf3 Qf5+ 38.Ke3 Qg5+ 39.Kd3 Qf5+ 40.Kc3  1-0

[Event "21st World Seniors"]
[Site "Rijeka CRO"]
[Date "2011.11.23"]
[Round "8.12"]
[White "Rajkovic,Du"]
[Black "Kelleher,W"]
[Result "0-1"]
[WhiteElo "2416"]
[BlackElo "2300"]

1.c4 c6 2.Nf3 d5 3.e3 Nf6 4.b3 Bf5 5.Bb2 e6 6.Be2 h6 7.Nc3 Nbd7 8.O-O Bd6
9.d3 O-O 10.Rc1 Qe7 11.Qd2 Rad8 12.Rfe1 Rfe8 13.h3 Bb8 14.Bf1 Bg6 15.cxd5 exd5
16.g3 Qe6 17.Ne2 Qd6 18.b4 Bc7 19.Ned4 Ne5 20.Qc3 Nxf3+ 21.Nxf3 Bb6 22.Nd4 Qe5
23.Qd2 Qd6 24.a4 a6 25.Nb3 Nd7 26.Nc5 Qb8 27.Bd4 Bc7 28.Nxd7 Rxd7 29.b5 axb5
30.axb5 Re6 31.Qb2 f6 32.f4 Qe8 33.Kf2 Ba5 34.Red1 Rde7 35.Ra1 Bc7 36.Ra7 Bd6
37.Rda1 Kh7 38.Ra8 Qf7 39.Rc8 c5 40.Bxc5 Bxc5 41.Rxc5 Rxe3 42.Qd4 Qe6 43.Rxd5 Re1  0-1

[Event "Malta Open"]
[Site "Bugibba MLT"]
[Date "2011.11.24"]
[Round "6.1"]
[White "Teske,H"]
[Black "Burmakin,V"]
[Result "1/2-1/2"]
[WhiteElo "2538"]
[BlackElo "2588"]

1.c4 c6 2.e4 d5 3.exd5 cxd5 4.d4 Nf6 5.Nc3 e6 6.Nf3 Bb4 7.Bd3 dxc4 8.Bxc4 Nc6
9.O-O O-O 10.Bg5 Be7 11.Re1 b6 12.a3 Bb7 13.Ba2 Nd5 14.Bxd5 Bxg5 15.Be4 Bh6
16.Qa4 Na5 17.Bxb7 Nxb7 18.Rad1 Qc8 19.Ne5 Bf4 20.Nc6 Bd6 21.d5 exd5 22.Nxd5 Kh8
23.b4 Nd8 24.Nd4 Ne6 25.Nf5 Rd8 26.Qb3 Bf8 27.Rd3  1/2-1/2

[Event "TCh-ESP CECLUB Div Honor 2011"]
[Site "Melilla ESP"]
[Date "2011.11.24"]
[Round "5"]
[White "Romero Holmes,A"]
[Black "Tejedor Fuentes,E"]
[Result "1-0"]
[WhiteElo "2488"]
[BlackElo "2225"]

1.c4 c6 2.d4 d5 3.e3 Nf6 4.Nc3 Bf5 5.cxd5 cxd5 6.Qb3 Qd7 7.Nf3 Nc6 8.Ne5 Qc7
9.Bb5 a6 10.Nxd5 Nxd5 11.Qxd5 e6 12.Bxc6+ bxc6 13.Qxc6+ Qxc6 14.Nxc6 Rc8
15.Ne5 f6 16.Nf3 Rc2 17.O-O Kd7 18.Rd1 Bb4 19.a3 Ba5 20.b4 Bc7 21.Nd2 Rc3
22.Nf3 Rc8 23.Bd2 Rb3 24.Rdc1 g5 25.Be1 Rb2 26.Bc3 Rb3 27.Be1 Rb2 28.Rc5 Ra8
29.Bc3 Rb1+ 30.Rxb1 Bxb1 31.Nd2 Ba2 32.Ba1 f5 33.e4 Bf4 34.Rc2 Rc8 35.Rxa2 Bxd2
36.f3 Be3+ 37.Kf1 f4 38.Ke2 Rc1 39.Kd3 h5 40.h3 Rb1 41.Bc3 Kd6 42.a4 Kc7
43.Ra1  1-0

[Event "25th Belgrade Trophy"]
[Site "Obrenovac SRB"]
[Date "2011.11.24"]
[Round "1.32"]
[White "Nenezic,Z"]
[Black "Skurikhin,D"]
[Result "0-1"]
[WhiteElo "1921"]
[BlackElo "2345"]

1.c4 c6 2.e4 d5 3.cxd5 cxd5 4.exd5 Nf6 5.Nc3 g6 6.Bb5+ Nbd7 7.Nf3 Bg7 8.d6 exd6
9.Qe2+ Qe7 10.Qxe7+ Kxe7 11.O-O Rd8 12.d4 Nb6 13.Bg5 h6 14.Rfe1+ Kf8 15.Bxf6 Bxf6
16.h3 Be6 17.Rac1 Rac8 18.Ne4 Be7 19.a3 a6 20.Bd3 Na4 21.b4 Bd5 22.Ned2 Nb2
23.Bf1 Bf6 24.Kh2 b5 25.Kg1 Bg7 26.Kh2 f5 27.g4 Bf6 28.Kg1 Kf7 29.Kh2 Bg5
30.Nxg5+ hxg5 31.Kg3 Kf6 32.f3 Na4 33.f4 gxf4+ 34.Kxf4 g5+ 35.Kg3 f4+ 36.Kf2 Nc3
37.Bg2 Bxg2 38.Kxg2 d5 39.Nb3 Rc4 40.Re5 Ne4 41.Rf5+ Kg6 42.Kf3 Nd2+  0-1

[Event "25th Belgrade Trophy"]
[Site "Obrenovac SRB"]
[Date "2011.11.24"]
[Round "1.21"]
[White "Sarovski,N"]
[Black "Tosic,M"]
[Result "0-1"]
[WhiteElo "1968"]
[BlackElo "2444"]

1.c4 c6 2.d4 Nf6 3.Nc3 d6 4.Nf3 Nbd7 5.e3 g6 6.Be2 Bg7 7.O-O O-O 8.b3 Qa5
9.Bd2 Qc7 10.Rc1 e5 11.Be1 Re8 12.d5 c5 13.e4 Nh5 14.Ng5 Nf4 15.g3 Nxe2+
16.Qxe2 h6 17.Nb5 Qb6 18.Nh3 Nf6 19.Kg2 a6 20.Nc3 Bd7 21.a4 Re7 22.a5 Qxa5
23.b4 cxb4 24.Na2 Qc7 25.Bxb4 b6 26.f3 Bxh3+ 27.Kxh3 Nd7 28.Ba3 f5 29.Nb4 Rf7
30.g4 fxg4+ 31.fxg4 Rf4 32.Nd3 Rxf1 33.Qxf1 Bf6 34.Nb4 Kg7 35.Qe2 Bg5 36.Ra1 Nf6
37.Nc6 h5 38.gxh5 Rh8 39.Kg2 Rxh5 40.Rh1 Rh4 41.c5 Rg4+ 42.Kf3 bxc5  0-1

[Event "TCh-ESP CECLUB Div Honor 2011"]
[Site "Melilla ESP"]
[Date "2011.11.25"]
[Round "6"]
[White "Delchev,A"]
[Black "Van Wely,L"]
[Result "0-1"]
[WhiteElo "2629"]
[BlackElo "2686"]

1.c4 c6 2.Nf3 d5 3.e3 Nf6 4.Nc3 e6 5.b3 Nbd7 6.Qc2 Bd6 7.Bb2 O-O 8.Be2 a6
9.d4 e5 10.cxd5 cxd5 11.dxe5 Nxe5 12.O-O Bg4 13.Nxe5 Bxe5 14.Bxg4 Nxg4 15.h3 Nf6
16.Qf5 Re8 17.Rac1 Qa5 18.f4 Bd6 19.Rcd1 Bf8 20.Rxd5 b5 21.Rf3 Nxd5 22.Nxd5 Re6
23.Nf6+ Rxf6 24.Bxf6 Re8 25.Be5 Qxa2 26.Qd7 Re6 27.Qd5 Qc2 28.f5 Re8 29.Bd4 Qc7
30.Rf1 Rd8 31.Qe4 Rc8 32.Qg4 Qd7 33.Qg3 Kh8 34.h4 f6 35.h5 h6 36.Qf3 a5 37.Rd1 Qf7
38.e4 Re8 39.Bb2 a4 40.bxa4 bxa4 41.Rd5 Qb7 42.Bc3 Qb1+ 43.Rd1 Bc5+ 44.Kh2 Qxe4
45.Qxe4 Rxe4 46.Rd8+ Kh7 47.Rd7 Kg8 48.Rd8+ Kf7 49.Rd7+ Be7 50.Bb2 Ke8 51.Ra7 Bd6+
52.Kh3 a3 53.Bxa3 Re3+ 54.Kh4 Rxa3 55.Rxg7 Bf4 56.g3 Bg5+ 57.Kg4 Rd3  0-1

[Event "XII Puhajarve Handicap"]
[Site "Puhajarve EST"]
[Date "2011.11.25"]
[Round "21"]
[White "Miezis,N"]
[Black "Kulaots,K"]
[Result "1/2-1/2"]
[WhiteElo "2547"]
[BlackElo "2577"]

1.c4 c6 2.e4 d5 3.exd5 cxd5 4.cxd5 Nf6 5.Bb5+ Nbd7 6.Nc3 a6 7.Qa4 Rb8 8.Bxd7+ Qxd7
9.Qxd7+ Bxd7 10.Nf3 Rd8  1/2-1/2

[Event "21st World Seniors"]
[Site "Rijeka CRO"]
[Date "2011.11.25"]
[Round "10.23"]
[White "Sloth,J"]
[Black "Grinberg,I"]
[Result "1/2-1/2"]
[WhiteElo "2349"]
[BlackElo "2203"]

1.c4 c6 2.Nf3 d5 3.e3 Nf6 4.Nc3 Nbd7 5.cxd5 cxd5 6.d4 e6 7.Bd3 a6 8.O-O Bd6
9.e4 dxe4 10.Nxe4 Nxe4 11.Bxe4 Nf6 12.Bc2 b5 13.Bg5 Bb7 14.Re1 Be7 15.Qd3 Nd5
16.Bxe7 Qxe7 17.a3 Qf6 18.Qe4  1/2-1/2

[Event "TCh-CZE Liga1 Vychod"]
[Site "Czech Rep CZE"]
[Date "2011.11.27"]
[Round "4"]
[White "Zwardon,V"]
[Black "Murdzia,P"]
[Result "1/2-1/2"]
[WhiteElo "2297"]
[BlackElo "2472"]

1.c4 c6 2.e4 d5 3.exd5 cxd5 4.cxd5 Nf6 5.Qa4+ Nbd7 6.Nc3 g6 7.Bc4 Bg7 8.d3 O-O
9.Nf3 a6 10.Be3 Rb8 11.Bb3 b5 12.Qh4 Bb7 13.Ba7 Rc8 14.O-O Nc5 15.Bxc5 Rxc5
16.a4 Nxd5 17.Ng5 h6 18.Nge4 Rc7 19.axb5 Nxc3 20.Nxc3 Bxc3 21.bxc3 Rxc3 22.bxa6 Rxb3
23.axb7 Rxb7  1/2-1/2

[Event "Caissa IM November 2011"]
[Site "Kecskemet HUN"]
[Date "2011.11.28"]
[Round "10.3"]
[White "Meszaros,Gyu"]
[Black "Kristinsson,Bj"]
[Result "1-0"]
[WhiteElo "2314"]
[BlackElo "2045"]

1.c4 c6 2.Nf3 d5 3.g3 Nf6 4.Bg2 Bg4 5.Ne5 Be6 6.cxd5 Bxd5 7.Nf3 c5 8.Nc3 Bc6
9.O-O e6 10.d4 cxd4 11.Qxd4 Qxd4 12.Nxd4 Bxg2 13.Kxg2 Nc6 14.Nxc6 bxc6 15.Bd2 O-O-O
16.Rfd1 Bb4 17.Rac1 Kb7 18.Bg5 Rxd1 19.Rxd1 Nd5 20.Na4 f6 21.Bc1 Rc8 22.Rd4 c5
23.Re4 Rc6 24.a3 Ra6 25.b3 Nc3 26.Rg4 Nxa4 27.axb4 g5 28.b5  1-0

[Event "8th Vasylyshyn Mem GM"]
[Site "Lviv UKR"]
[Date "2011.11.29"]
[Round "1"]
[White "Semcesen,D"]
[Black "Baghdasaryan,V"]
[Result "0-1"]
[WhiteElo "2490"]
[BlackElo "2362"]

1.c4 c6 2.Nf3 d5 3.e3 Nf6 4.Nc3 e6 5.b3 Bd6 6.Bb2 O-O 7.Be2 e5 8.cxd5 cxd5
9.Nb5 Nc6 10.Nxd6 Qxd6 11.O-O Bg4 12.h3 Bxf3 13.Bxf3 Rfd8 14.d4 e4 15.Be2 a5
16.a4 Nd7 17.Ba3 Nb4 18.Rc1 f5 19.Qd2 Rdc8 20.Bb5 Nf8 21.Rxc8 Rxc8 22.f4 exf3
23.Rxf3 g6 24.Rf1 Ne6 25.Rc1 Rf8 26.Bd3 Ng5 27.Bxb4 axb4 28.Qf2 f4 29.exf4 Rxf4
30.Qe3 Ne6 31.Rc8+ Kf7 32.Qe5 Qb6 33.a5 Qxd4+ 34.Qxd4 Rxd4 35.Be2 Ke7 36.Bg4 Rd3
37.Bxe6 Kxe6 38.Rc7 Rxb3 39.Rxb7 Kd6 40.a6 Kc5 41.Rxh7 Ra3 42.Rc7+ Kd4 43.a7 b3
44.Rb7 Kc3 45.Kf2 b2 46.Ke3 Kc2+  0-1

[Event "25th Belgrade Trophy"]
[Site "Obrenovac SRB"]
[Date "2011.11.30"]
[Round "7.12"]
[White "Drenchev,P"]
[Black "Petkovic,S"]
[Result "1-0"]
[WhiteElo "2499"]
[BlackElo "2093"]

1.c4 c6 2.e4 d5 3.cxd5 cxd5 4.exd5 Qxd5 5.Nc3 Qd8 6.d4 Nf6 7.Nf3 e6 8.Bd3 Nc6
9.O-O Be7 10.Re1 O-O 11.a3 b6 12.Bb1 Bb7 13.Qd3 g6 14.Bh6 Re8 15.Ba2 Bf8
16.Bg5 Bg7 17.Rad1 Ne7 18.Ne5 Nfd5 19.Qh3 f5 20.Nxg6 hxg6 21.Rxe6 Qd7 22.Rxe7 Rxe7
23.Bxe7 Re8 24.Bg5 Kf8 25.Qh7 Qe6 26.h4 Bc6 27.Bh6 Bxh6 28.Qxh6+ Kf7 29.Qh7+ Kf8
30.Qh8+ Kf7 31.Qe5 Rd8 32.Re1  1-0

[Event "25th Belgrade Trophy"]
[Site "Obrenovac SRB"]
[Date "2011.11.30"]
[Round "7.33"]
[White "Stanojevic,B"]
[Black "Trisic,D"]
[Result "1-0"]
[WhiteElo "2298"]
[BlackElo "2057"]

1.c4 c6 2.Nf3 d5 3.b3 Nf6 4.g3 dxc4 5.bxc4 e5 6.Nc3 Nbd7 7.Bg2 Bc5 8.O-O O-O
9.Qc2 Re8 10.d3 Qe7 11.Nd2 h6 12.Na4 Bd6 13.Rb1 Nf8 14.c5 Bc7 15.Ba3 Rb8
16.Nc4 Be6 17.Nd6 Bxd6 18.cxd6 Qd8 19.Rfc1 N6d7 20.Rb2 Nb6 21.Rcb1 Nfd7 22.Nc5 Bf5
23.Bb4 Qc8 24.a4 Nf6 25.Ba5 Nfd7 26.Nxd7 Qxd7 27.Bxb6 axb6 28.Rxb6 Qxd6 29.Rxb7 Rbc8
30.R7b6 e4 31.Bxe4 Bxe4 32.dxe4 Re6 33.R1b4 Re5 34.Rc4 Ra8 35.Rbxc6 Qa3 36.Rc8+ Rxc8
37.Rxc8+ Kh7 38.Rc7 f6 39.h4 Qa1+ 40.Kg2 Kh8 41.Rc8+ Kh7 42.f4 Re7 43.e5+ g6
44.Rc7 Qa3 45.exf6  1-0

[Event "25th Belgrade Trophy"]
[Site "Obrenovac SRB"]
[Date "2011.12.01"]
[Round "8.1"]
[White "Damljanovic,B"]
[Black "Ernst,S"]
[Result "1/2-1/2"]
[WhiteElo "2597"]
[BlackElo "2593"]

1.c4 c6 2.d4 d5 3.Nc3 Nf6 4.e3 g6 5.Nf3 Bg7 6.Bd3 O-O 7.O-O Be6 8.Qb3 dxc4
9.Bxc4 Bxc4 10.Qxc4 b5 11.Qe2 b4 12.Na4 Qa5 13.Qc2 Nbd7 14.Bd2 Qb5 15.Rfc1 Rfc8
16.Qb3 a5 17.Nc5 Nxc5 18.Rxc5 Qb7 19.Rac1 Nd7 20.R5c2 e6 21.e4 c5 22.dxc5 Qxe4
23.c6 Nb6 24.a3 Qd5 25.Qe3 Na4 26.axb4 axb4 27.Bxb4 Bxb2 28.Rb1 Bg7 29.Qb3 Qxb3
30.Rxb3 Nb6 31.h4 Nd5 32.Bd6 Bf8 33.Bxf8 Kxf8 34.Rb7 Rc7 35.Rc5 Rac8 36.Nd4 Ne7
37.Ra5 Nd5 38.Raa7 Ke7 39.Nb5 Rxb7 40.Rxb7+ Kf8 41.Na7 Rc7 42.g3 Ke8 43.Kg2 Kd8
44.Nb5 Rxc6 45.Rxf7 h5 46.Nd4 Ra6 47.Nf3 Ke8 48.Rg7 e5 49.Nxe5 Ne7 50.Rh7 Kf8
51.Nd7+ Ke8 52.Nc5 Rc6 53.Ne4 Nf5 54.Kf3 Kf8 55.Kf4 Kg8 56.Ra7 Nh6 57.Ke5 Nf7+
58.Kd5 Rb6 59.f3 Kf8 60.Nc5 Rd6+ 61.Ke4 Kg8  1/2-1/2

[Event "25th Belgrade Trophy"]
[Site "Obrenovac SRB"]
[Date "2011.12.01"]
[Round "8.15"]
[White "Cvetkovic,Sr"]
[Black "Stamenkovic,A"]
[Result "1-0"]
[WhiteElo "2395"]
[BlackElo "2300"]

1.c4 c6 2.Nf3 d5 3.b3 Nf6 4.Bb2 Bf5 5.d3 e6 6.g3 Nbd7 7.Bg2 Be7 8.O-O O-O
9.Nbd2 a5 10.a3 h6 11.Bc3 Bh7 12.Qc2 Re8 13.Qb2 Bf8 14.b4 a4 15.Rfe1 Qc7
16.Ne5 Nxe5 17.Bxe5 Bd6 18.Nf3 Bxe5 19.Nxe5 Nd7 20.Nxd7 Qxd7 21.Rac1 d4 22.c5 e5
23.b5 f5 24.Rc4 Kf8 25.bxc6 bxc6 26.Qc2 e4 27.Rb1 Re5 28.Rxa4 Rae8 29.Rab4 Qa7
30.Rxd4 Rxc5 31.Rc4 Rxc4 32.Qxc4 Qxa3 33.dxe4 fxe4 34.Qxc6 e3 35.Rf1 Rd8
36.Qe6 Bf5 37.Qxf5+ Kg8 38.Bd5+ Kh8 39.Be4 exf2+ 40.Rxf2 Qa1+ 41.Kg2  1-0

[Event "45th ch-RSA 2011"]
[Site "Cape Town RSA"]
[Date "2011.12.03"]
[Round "10"]
[White "Van Rensburg,R"]
[Black "Dole,A"]
[Result "1/2-1/2"]
[WhiteElo "2103"]
[BlackElo "2113"]

1.c4 c6 2.Nf3 Nf6 3.Qb3 d5 4.d4 dxc4 5.Qxc4 Bf5 6.Nc3 e6 7.g3 Nbd7 8.Bg2 Be7
9.O-O O-O 10.Re1 Bg6 11.e4 b5 12.Qxc6 b4 13.e5 Rc8 14.Qa6 bxc3 15.exf6 cxb2
16.Bxb2  1/2-1/2

[Event "61st ch-GRE 2011"]
[Site "Chania GRE"]
[Date "2011.12.03"]
[Round "7"]
[White "Galopoulos,N"]
[Black "Pavlidis,Ana"]
[Result "1-0"]
[WhiteElo "2379"]
[BlackElo "2352"]

1.c4 c6 2.e4 d6 3.d4 g6 4.Nc3 Bg7 5.Be3 Nf6 6.f3 O-O 7.Nge2 e5 8.Qb3 Nfd7
9.O-O-O Na6 10.Kb1 b5 11.cxb5 cxb5 12.Nxb5 Rb8 13.Nec3 exd4 14.Bxd4 Ndc5
15.Qa3 Bh6 16.Nd5 f5 17.Bc4 Be6 18.Nbc3 fxe4 19.Bxa6 Nxa6 20.Qxa6 exf3 21.gxf3 Rxf3
22.Rhe1 Bf5+ 23.Ka1 Bg5 24.Qxa7 Bd7 25.Bb6 Qc8 26.Re7 Rb7 27.Qa3 Qb8 28.Ree1 Bc6
29.Qb3 Kg7 30.Bd4+ Kh6 31.Qc2 Qa8 32.Rd3 Rbf7 33.Rxf3 Rxf3 34.Nc7 Qc8 35.Ne6 Bh4
36.Be3+ g5 37.Bxg5+ Bxg5 38.Nxg5 Kxg5 39.Rg1+ Kf6 40.Nd5+ Ke5 41.Ne7 Qa6
42.Nxc6+ Kf6 43.Qc1  1-0

[Event "TCh-CZE Extraliga 2011-12"]
[Site "Czech Republic CZE"]
[Date "2011.12.03"]
[Round "3.1"]
[White "Mista,A"]
[Black "Kempinski,R"]
[Result "1/2-1/2"]
[WhiteElo "2561"]
[BlackElo "2604"]

1.c4 c6 2.e4 d5 3.exd5 cxd5 4.d4 Nf6 5.Nc3 Nc6 6.Nf3 Bg4 7.cxd5 Nxd5 8.Qb3 Bxf3
9.gxf3 e6 10.Qxb7 Nxd4 11.Bb5+ Nxb5 12.Qc6+ Ke7 13.Qxb5 Rc8 14.O-O Nxc3 15.bxc3 Qd5
16.Qa6 Qxf3 17.Qxc8 Qg4+  1/2-1/2

[Event "TCh-BEL 2011-12"]
[Site "Anderlecht BEL"]
[Date "2011.12.04"]
[Round "5.5"]
[White "Beeckmans,F"]
[Black "Philipowski,R"]
[Result "0-1"]
[WhiteElo "2309"]
[BlackElo "2276"]

1.c4 c6 2.Nf3 d5 3.g3 Nf6 4.Bg2 Bf5 5.b3 e6 6.O-O Be7 7.Bb2 O-O 8.d3 h6 9.Nbd2 a5
10.a3 Nbd7 11.Re1 Bh7 12.cxd5 exd5 13.Bh3 Re8 14.Nd4 Bc5 15.Nf5 Qb6 16.e3 Bf8
17.Nxh6+ gxh6 18.Bxd7 Nxd7 19.Qg4+ Bg6 20.Qxd7 Re6 21.Bd4 Qb5 22.Nf3 Rae8
23.Qc7 c5 24.Bc3 Qxb3 25.Qxa5 b6  0-1

[Event "TCh-AUT 2 Mitte 2011-12"]
[Site "Maria Saal AUT"]
[Date "2011.12.04"]
[Round "6"]
[White "Kaspret,G"]
[Black "Hartl,D"]
[Result "1/2-1/2"]
[WhiteElo "2292"]
[BlackElo "2272"]

1.c4 c6 2.b3 d5 3.Bb2 Nf6 4.Nf3 Bg4 5.e3 Nbd7 6.Be2 e6 7.O-O Bd6 8.d4 Qc7
9.Nbd2 O-O 10.Rc1 Rad8 11.h3 Bh5 12.c5 Be7 13.b4 Bxf3 14.Bxf3 e5 15.Qa4 a6
16.Qa5 Qxa5 17.bxa5 e4 18.Be2 Rfe8 19.Ba3 Nf8 20.Rb1 Rd7 21.Rb3 Ne6 22.Rfb1 Nd8
23.R1b2 g6 24.Nb1 Bf8 25.Bb4 Bh6 26.Bd2 Kg7 27.Nc3 Ng8 28.a3 f5 29.Na2 Ne7
30.Nb4 Nc8 31.Nxa6 bxa6 32.Bxa6 Na7 33.a4 Bg5 34.Rb8 Ree7 35.Ra8 Rf7 36.Be2 Ne6
37.Rab8 Bd8 38.a6 h5 39.g3 Kh6 40.R2b7 g5 41.Bd1 Kg6 42.a5 Bf6 43.Ba4 Nd8
44.Rb4 Rh7 45.Bd1 g4 46.h4 Kf7 47.Ra8 Ke6 48.Ba4 Rh8 49.Rbb8 Rhh7 50.Kf1 Rc7
51.Rxd8 Bxd8 52.Rxd8 Ke7 53.Rb8 Kd7 54.Bd1 Ke6 55.Be2 Kf6 56.Bd1 Kg7 57.Ba4 Rh8
58.Rb6 Kf7 59.Bd1 Ke7 60.Be2 Kd7 61.Bb4 Ra8 62.Ke1 Nc8 63.Kd2 Rca7 64.Kc3 Kc7
65.Kb3 Ne7 66.Kc3 Ng6 67.Bb5 Ne7 68.Be2 Ng6 69.Bb5 Ne7 70.Bf1 Ng6 71.Kb3 Ne7
72.Bd2 Ng6 73.Ka3 Nf8 74.Be2 Nd7 75.Bb4 Nb8 76.Ka4 Nxa6 77.Bd2 Nb8 78.Bb4 Rb7
79.Kb3 Rba7 80.Ka4 Rb7 81.Kb3 Rba7 82.Ka4 Rb7  1/2-1/2

[Event "TCh-AUT 2 Mitte 2011-12"]
[Site "Steyregg AUT"]
[Date "2011.12.04"]
[Round "6"]
[White "Weiss,C"]
[Black "Hajnal,Z"]
[Result "1/2-1/2"]
[WhiteElo "2402"]
[BlackElo "2431"]

1.c4 c6 2.e4 d5 3.exd5 cxd5 4.d4 Nf6 5.Nc3 g6 6.Qb3 Bg7 7.cxd5 O-O 8.Nf3 Nbd7
9.a4 a5 10.Bg5 Nb6 11.Bxf6 Bxf6 12.Be2 e6 13.dxe6 Bxe6 14.Qb5 Bxd4 15.Nxd4 Qxd4
16.O-O Bd7 17.Qg5 Bxa4 18.Bf3 f6 19.Qg3 Bc6 20.Bxc6 bxc6 21.Qf3 Nd5 22.Rfd1 Qf4
23.Nxd5 Qxf3 24.gxf3 cxd5 25.Rxd5 Rab8 26.Raxa5 Rxb2 27.Ra7 Rf7 28.Rdd7 Rxd7
29.Rxd7 Rb8 30.Kg2 Rf8 31.f4  1/2-1/2

[Event "Ascona Gp A"]
[Site "Ascona SUI"]
[Date "2011.12.05"]
[Round "3.2"]
[White "Strikovic,A"]
[Black "Trois,F"]
[Result "1-0"]
[WhiteElo "2564"]
[BlackElo "2275"]

1.c4 c6 2.Nf3 Nf6 3.Nc3 d5 4.e3 g6 5.b3 Bg7 6.Bb2 O-O 7.Be2 Nbd7 8.Qc2 e6
9.O-O a6 10.d4 Qc7 11.Rac1 b6 12.b4 Bb7 13.cxd5 exd5 14.Qb3 Qd6 15.Nd2 Rfe8
16.Bf3 Bh6 17.Rcd1 Qe6 18.Rfe1 Rab8 19.Qc2 Qd6 20.a3 Re6 21.e4 dxe4 22.Ndxe4 Qe7
23.Nxf6+ Nxf6 24.Rxe6 Qxe6 25.Bc1 Re8 26.g3 Bxc1 27.Qxc1 Qf5 28.Kg2 Re7 29.h3 h5
30.Re1  1-0

[Event "Ascona Gp A"]
[Site "Ascona SUI"]
[Date "2011.12.07"]
[Round "5.4"]
[White "Salvetti,A"]
[Black "Botta,Ga"]
[Result "0-1"]
[WhiteElo "2248"]
[BlackElo "2303"]

1.c4 c6 2.Nf3 Nf6 3.e3 d5 4.Qc2 e6 5.Nc3 Bd6 6.b3 O-O 7.Bb2 Qe7 8.Be2 b6
9.O-O Bb7 10.d4 Nbd7 11.e4 dxe4 12.Nxe4 Nxe4 13.Qxe4 Nf6 14.Qh4 c5 15.dxc5 Bxc5
16.Bd3 h6 17.Ne5 Rad8 18.Rad1 Ba8 19.Kh1 Ne4 20.Qxe7 Bxe7 21.f3 Nc5 22.Bc2 Rxd1
23.Rxd1 Rd8 24.Rxd8+ Bxd8 25.b4 Na6 26.a3 f6 27.Nd3 Kf7 28.Kg1 Be7 29.Kf2 Nc7
30.f4 Ne8 31.g3 g5 32.Bb3 Nd6 33.Ke3 Nf5+ 34.Kd2 Nd6 35.Bd4 gxf4 36.gxf4 Nf5
37.Bf2 Bd6 38.Kc3 Be4 39.c5 Bc7 40.cxb6 axb6 41.a4 Ke7 42.Bc4 h5 43.Nb2 Bxf4
44.Bxb6 Bxh2 45.Bd3 Be5+ 46.Kd2 Ng3 47.Nc4 Bf4+ 48.Be3 Bxe3+ 49.Nxe3 h4 50.Ng4 f5
51.Nh2 Kd6 52.a5 Bxd3 53.Kxd3 e5 54.a6 Kc6 55.b5+ Kb6 56.Ke3 h3 57.Kf3 Ne4
58.Nf1 Nd6 59.Kg3 Nxb5 60.Kxh3 Kxa6 61.Kh4 Nd4 62.Kg5 Kb5 63.Kf6 e4 64.Ke5 Kc4
65.Ng3 Kd3 66.Nh5 e3 67.Nf4+ Kc3 68.Nd5+ Kd2 69.Nf4 e2  0-1

[Event "London Classic FIDE Open"]
[Site "London ENG"]
[Date "2011.12.07"]
[Round "5"]
[White "Ethelontis,A"]
[Black "Crouch,C"]
[Result "0-1"]
[WhiteElo "2186"]
[BlackElo "2366"]

1.c4 c6 2.g3 d5 3.Nf3 dxc4 4.Bg2 Nd7 5.O-O Ngf6 6.Na3 Nb6 7.Qc2 Qd5 8.Ne1 Qf5
9.e4 Qh5 10.Nxc4 Nxc4 11.Qxc4 e5 12.d4 Bg4 13.Qb3 O-O-O 14.Qa4 exd4 15.Qxa7 Bd6
16.Nd3 Qb5 17.Bf4 Bxf4 18.Nxf4 g5 19.h3 gxf4 20.hxg4 Nxg4 21.e5 Nxe5 22.Rac1 Rhe8
23.a4 Qa6 24.Qxa6 bxa6 25.gxf4 Nd3 26.Rxc6+ Kd7 27.Rc4 Ke7 28.Rd1 Nxf4 29.Rc7+ Kf6
30.Bf3 d3 31.Rc6+ Re6 32.Rc4 Kg5 33.Kf1 f5 34.Rc7 d2 35.Rxh7 Rde8 36.Kg1 Re1+
37.Kh2 Rxd1 38.Bxd1 Re1 39.Rg7+ Ng6 40.Bb3 d1=Q 41.Bxd1 Rxd1 42.b4 Rb1 43.Rb7 Kf4
44.b5 a5 45.Rc7 Ne5 46.Kg2 Rb4 47.Rc5 Ng4 48.b6 Rxb6 49.Rc4+ Kg5 50.Rc2 Rb4
51.Ra2 Nf6 52.Ra3 Ne4 53.Ra2 Kf4 54.Ra3 Rb2 55.Rf3+ Kg4 56.Re3 Rxf2+ 57.Kg1 Ra2  0-1

[Event "Ascona Gp A"]
[Site "Ascona SUI"]
[Date "2011.12.08"]
[Round "7.4"]
[White "Foisor,C"]
[Black "Trois,F"]
[Result "0-1"]
[WhiteElo "2418"]
[BlackElo "2275"]

1.c4 c6 2.Nf3 Nf6 3.Nc3 d5 4.e3 g6 5.d4 Bg7 6.cxd5 cxd5 7.Bb5+ Nbd7 8.Qb3 e6
9.O-O O-O 10.a4 Nb8 11.Ne5 Nfd7 12.Nd3 Nc6 13.Bd2 a6 14.Bxc6 bxc6 15.a5 Rb8
16.Qa4 Bb7 17.Rac1 e5 18.Ne2 Re8 19.Bc3 Qh4 20.b4 f6 21.Nc5 Nxc5 22.bxc5 Ba8
23.Rb1 Rb5 24.Qa2 Qg4 25.Ng3 Qe6 26.e4 exd4 27.Bxd4 dxe4 28.Qa1 Qf7 29.Rbd1 f5
30.Ne2 Rxc5 31.Nf4 Bxd4 32.Rxd4 Rce5 33.Rfd1 c5 34.Rd6 Bb7 35.h4 e3 36.fxe3 Rxe3
37.Rd7 Re1+ 38.Rxe1 Rxe1+ 39.Qxe1 Qxd7 40.Kh2 Kf7 41.Qe5 Qe7 42.Qb8 Qxh4+
43.Nh3 Qe7 44.Qh8 Ke6 45.Nf4+ Kd6 46.Qb8+ Kc6 47.Qa7 Qc7 48.g3 Kb5 49.Kh3 Bg2+  0-1